[Event "World Junior Chess Championship U18 g"]
[Site "Gaziantep"]
[Date "2008.08.04"]
[Round "2.27"]
[White "Anton, Sarah"]
[Black "Efroimski, Marsel"]
[Result "1-0"]
[WhiteElo "1681"]
[BlackElo "2091"]
[PlyCount "93"]
[EventDate "2008.08.??"]
[EventType "swiss"]
[EventRounds "13"]
[EventCountry "TUR"]

1. e4 c5 2. Nf3 d6 3. d4 cxd4 4. Nxd4 Nf6 5. Nc3 a6 6. f3 e5 7. Nb3 Be6 8. Be3
Be7 9. Qd2 O-O 10. O-O-O Nbd7 11. g4 b5 12. g5 b4 13. Nd5 Nxd5 14. exd5 Bf5 15.
h4 a5 16. Bd3 Bg6 17. Kb1 Bh5 18. Rdf1 f5 19. f4 a4 20. Nc1 e4 21. Be2 Bf7 22.
h5 Qa5 23. h6 Qxd5 24. hxg7 Rfb8 25. Bd4 Bg6 26. Bh5 Nc5 27. Bxg6 hxg6 28. Qh2
Kf7 29. Qh7 Rg8 30. Rh6 Qe6 31. Bf6 Ke8 32. Qxg6+ Kd7 33. Rfh1 b3 34. cxb3 axb3
35. a3 Qd5 36. Bxe7 Kxe7 37. Qf6+ Kd7 38. Rh8 Na4 39. g6 Qc5 40. Qf7+ Kc6 41.
Nxb3 Qf2 42. Qc4+ Kd7 43. Qf7+ Kc6 44. R1h2 Qg1+ 45. Ka2 Nc5 46. Rxg8 Rxa3+ 47.
Kxa3 1-0

[Event "World Junior Chess Championship U18 g"]
[Site "Gaziantep"]
[Date "2008.08.04"]
[Round "2.28"]
[White "Kaya, Sena Nur"]
[Black "Middelveld, Martine"]
[Result "0-1"]
[WhiteElo "1529"]
[BlackElo "2073"]
[PlyCount "62"]
[EventDate "2008.08.??"]
[EventType "swiss"]
[EventRounds "13"]
[EventCountry "TUR"]

1. e4 e6 2. d4 d5 3. Nc3 Bb4 4. e5 c5 5. a3 Bxc3+ 6. bxc3 Qc7 7. Ne2 b6 8. Be3
Ba6 9. Qd2 Ne7 10. Ng3 Bxf1 11. Kxf1 cxd4 12. cxd4 Nbc6 13. Ke2 Rc8 14. Rhc1
Na5 15. Kf1 Nc4 16. Qd3 h5 17. h4 Nxe3+ 18. Qxe3 Ng6 19. Qg5 Qe7 20. Rab1 Kf8
21. Rb4 Nxh4 22. Qe3 g6 23. c4 Rxc4 24. Rbxc4 dxc4 25. Rxc4 Kg7 26. Qc1 Qb7 27.
Rc6 Qd7 28. Qc3 Rd8 29. Ne2 Qd5 30. f3 Nf5 31. Rc4 Qxc4 0-1

[Event "World Junior Chess Championship U18 g"]
[Site "Gaziantep"]
[Date "2008.08.04"]
[Round "2.29"]
[White "Kalashyan, Varduhi"]
[Black "Karayaylali, Pinar"]
[Result "1-0"]
[WhiteElo "2049"]
[BlackElo "1597"]
[PlyCount "73"]
[EventDate "2008.08.??"]
[EventType "swiss"]
[EventRounds "13"]
[EventCountry "TUR"]

1. e4 e6 2. d4 d5 3. Nd2 Nf6 4. e5 Nfd7 5. Bd3 c5 6. c3 Nc6 7. Ne2 cxd4 8. cxd4
f6 9. exf6 Nxf6 10. Nf3 Bd6 11. Bf4 Bxf4 12. Nxf4 O-O 13. O-O Ne4 14. Ne2 Rxf3
15. gxf3 Ng5 16. Kh1 Nxf3 17. Bxh7+ Kh8 18. Ng1 Nxh2 19. Qh5 Nxf1 20. Nf3 Bd7
21. Ng5 Qxg5 22. Qxg5 Kxh7 23. Qh4+ Kg8 24. Rxf1 Rf8 25. Rg1 Rf7 26. Rg5 Rf5
27. Rxf5 exf5 28. Qf4 Kf7 29. Qd6 Be6 30. Qc7+ Kf6 31. f4 a5 32. a3 g6 33. Kg2
a4 34. Kf2 Bf7 35. Ke3 Kg7 36. Kd3 Kg8 37. Qxb7 1-0

[Event "World Junior Chess Championship U18 g"]
[Site "Gaziantep"]
[Date "2008.08.04"]
[Round "3.1"]
[White "Harika, Dronavalli"]
[Black "Padmini, Rout"]
[Result "1-0"]
[WhiteElo "2461"]
[BlackElo "2257"]
[PlyCount "109"]
[EventDate "2008.08.??"]
[EventType "swiss"]
[EventRounds "13"]
[EventCountry "TUR"]

1. d4 Nf6 2. c4 c5 3. Nf3 cxd4 4. Nxd4 d6 5. Nc3 e6 6. g3 a6 7. Bg2 Qc7 8. Bg5
Be7 9. Rc1 h6 10. Bd2 O-O 11. O-O Bd7 12. e4 Nc6 13. Be3 Ne5 14. b3 Nfg4 15.
Bd2 Qb6 16. Nc2 Bg5 17. Bxg5 hxg5 18. Qd4 Qxd4 19. Nxd4 Rad8 20. Rcd1 f6 21.
Bh3 Kf7 22. f4 Ne3 23. fxe5 Nxd1 24. Nxd1 dxe5 25. Nf3 Ke7 26. Nf2 Bc6 27. Re1
b5 28. Bf1 bxc4 29. Bxc4 Bb5 30. Be2 Rc8 31. h4 gxh4 32. Nxh4 Bxe2 33. Ng6+ Kf7
34. Nxf8 Bb5 35. a4 Bc6 36. Nh7 Kg6 37. Nxf6 gxf6 38. Rc1 f5 39. b4 Kf6 40. b5
axb5 41. axb5 Bb7 42. Rxc8 Bxc8 43. Nd3 Ke7 44. Nxe5 Kd6 45. Nf7+ Ke7 46. Ng5
Kf6 47. Nf3 fxe4 48. Nd2 Bb7 49. Kf2 Ke5 50. Ke3 Bd5 51. g4 Ba8 52. b6 Kd6 53.
Nxe4+ Kc6 54. g5 Kxb6 55. Nf6 1-0

[Event "World Junior Chess Championship U18 g"]
[Site "Gaziantep"]
[Date "2008.08.04"]
[Round "3.2"]
[White "Pertlova, Sona"]
[Black "Muzychuk, Mariya"]
[Result "0-1"]
[WhiteElo "2217"]
[BlackElo "2413"]
[PlyCount "54"]
[EventDate "2008.08.??"]
[EventType "swiss"]
[EventRounds "13"]
[EventCountry "TUR"]

1. d4 f5 2. Nf3 Nf6 3. g3 g6 4. b3 Bg7 5. Bb2 O-O 6. Bg2 d6 7. O-O Qe8 8. Nbd2
Nc6 9. Re1 e5 10. dxe5 dxe5 11. e4 f4 12. Qe2 h6 13. h3 g5 14. g4 h5 15. gxh5
g4 16. hxg4 Bxg4 17. Qc4+ Be6 18. Qe2 Qxh5 19. Nc4 Ng4 20. Rad1 Kf7 21. Rd5 Rh8
22. Qd2 Bf6 23. Rd3 Rag8 24. Kf1 Nh2+ 25. Nxh2 Qxh2 26. Bf3 Bh4 27. Rd7+ Ke8
0-1

[Event "World Junior Chess Championship U18 g"]
[Site "Gaziantep"]
[Date "2008.08.04"]
[Round "3.3"]
[White "Isgandarova, Khayala"]
[Black "Majdan, Joanna"]
[Result "1/2-1/2"]
[WhiteElo "2207"]
[BlackElo "2323"]
[PlyCount "86"]
[EventDate "2008.08.??"]
[EventType "swiss"]
[EventRounds "13"]
[EventCountry "TUR"]

1. e4 c5 2. Nf3 d6 3. d4 cxd4 4. Nxd4 Nf6 5. Nc3 a6 6. Be2 e5 7. Nb3 Be7 8. O-O
O-O 9. Kh1 Qc7 10. f4 Be6 11. f5 Bc4 12. Be3 Rc8 13. a4 Nbd7 14. g4 Bxe2 15.
Qxe2 Qc4 16. Qxc4 Rxc4 17. Na5 Rb4 18. g5 Bd8 19. gxf6 Bxa5 20. fxg7 Nf6 21.
Bg5 Nxe4 22. Nxe4 Rxe4 23. Rad1 Bd8 24. f6 Bc7 25. b3 Rd8 26. c4 Bb6 27. Rd5
Rg4 28. Bc1 Bc5 29. Bb2 Re8 30. Bc3 Re6 31. h3 Rg3 32. b4 Bb6 33. Ba1 Rxh3+ 34.
Kg2 Rh6 35. c5 Rg6+ 36. Kh3 Bc7 37. cxd6 Bxd6 38. Rxd6 Rxd6 39. Bxe5 Re6 40.
Bd4 h6 41. Rc1 Rc6 42. Re1 Re6 43. Rc1 Rc6 1/2-1/2

[Event "World Junior Chess Championship U18 g"]
[Site "Gaziantep"]
[Date "2008.08.04"]
[Round "3.4"]
[White "Abrahamyan, Tatev"]
[Black "Yildiz, Betül Cemre"]
[Result "1-0"]
[WhiteElo "2277"]
[BlackElo "2236"]
[PlyCount "43"]
[EventDate "2008.08.??"]
[EventType "swiss"]
[EventRounds "13"]
[EventCountry "TUR"]

1. e4 e5 2. Nf3 Nc6 3. Bc4 Nf6 4. d3 Be7 5. O-O O-O 6. Re1 d6 7. c3 Kh8 8. Nbd2
Ng8 9. d4 f5 10. dxe5 dxe5 11. exf5 Bf6 12. Qc2 Nge7 13. Bd3 Qd7 14. Nc4 Rd8
15. Be4 b5 16. Ncxe5 Nxe5 17. Nxe5 Bxe5 18. Bxa8 c6 19. Bg5 Bf6 20. Bxf6 gxf6
21. Rad1 Nd5 22. c4 1-0

[Event "World Junior Chess Championship U18 g"]
[Site "Gaziantep"]
[Date "2008.08.04"]
[Round "3.5"]
[White "Dauletova, Gulmira"]
[Black "Leks, Hanna"]
[Result "1/2-1/2"]
[WhiteElo "2267"]
[BlackElo "2198"]
[PlyCount "82"]
[EventDate "2008.08.??"]
[EventType "swiss"]
[EventRounds "13"]
[EventCountry "TUR"]

1. e4 c5 2. Nf3 d6 3. d4 cxd4 4. Nxd4 Nf6 5. Nc3 Nc6 6. Bc4 Qb6 7. Nde2 e6 8.
O-O a6 9. Bb3 Be7 10. Be3 Qc7 11. Nd4 O-O 12. f4 Na5 13. Qe2 b5 14. Bf2 Nxb3
15. axb3 Bb7 16. e5 dxe5 17. fxe5 Nd5 18. Nxd5 Bxd5 19. Rae1 Bc5 20. c3 Bxd4
21. Bxd4 Bxb3 22. Rf3 Qc4 23. Qf2 Rac8 24. Rg3 Kh8 25. Qd2 Rcd8 26. Re4 Rg8 27.
Rf4 Rd7 28. Rgf3 Qa4 29. Rxf7 Rxf7 30. Rxf7 Bc2 31. Bc5 Bg6 32. Rf1 Qg4 33. Bd6
Bf5 34. Rf4 Qg6 35. Qf2 h6 36. Qh4 Rc8 37. Qf2 Rc4 38. Rxc4 bxc4 39. Qc5 Be4
40. Qf2 Bd5 41. h3 Kh7 1/2-1/2

[Event "World Junior Chess Championship U18 g"]
[Site "Gaziantep"]
[Date "2008.08.04"]
[Round "3.6"]
[White "Ozturk, Kubra"]
[Black "Mikadze, Miranda"]
[Result "1/2-1/2"]
[WhiteElo "2188"]
[BlackElo "2258"]
[PlyCount "87"]
[EventDate "2008.08.??"]
[EventType "swiss"]
[EventRounds "13"]
[EventCountry "TUR"]

1. d4 Nf6 2. c4 e6 3. Nf3 c5 4. g3 cxd4 5. Nxd4 Bb4+ 6. Bd2 Qb6 7. e3 Nc6 8.
Bg2 O-O 9. O-O d5 10. Bxb4 Qxb4 11. Qb3 Qxb3 12. axb3 Rd8 13. Nc2 e5 14. Nc3
Be6 15. cxd5 Nxd5 16. b4 Nce7 17. Rfd1 a6 18. b5 a5 19. Ne4 b6 20. Na3 h6 21.
Nd2 Bg4 22. Rdc1 Rab8 23. Nac4 f6 24. Ne4 Kf8 25. h3 Be6 26. Rd1 Rdc8 27. Ned6
Rc5 28. f4 exf4 29. gxf4 Nxf4 30. exf4 Bxc4 31. Rdc1 Bxb5 32. Rxc5 bxc5 33.
Rxa5 Bd3 34. Rxc5 Rb6 35. Nc8 Rxb2 36. Nxe7 Kxe7 37. Rc7+ Kf8 38. Bd5 Rb5 39.
Be6 Rb4 40. f5 Rf4 41. Rc8+ Ke7 42. Rc7+ Kf8 43. Rc8+ Ke7 44. Rc7+ 1/2-1/2

[Event "World Junior Chess Championship U18 g"]
[Site "Gaziantep"]
[Date "2008.08.04"]
[Round "3.7"]
[White "Nadig, Kruttika"]
[Black "Nemcova, Katerina"]
[Result "1-0"]
[WhiteElo "2241"]
[BlackElo "2372"]
[PlyCount "67"]
[EventDate "2008.08.??"]
[EventType "swiss"]
[EventRounds "13"]
[EventCountry "TUR"]

1. e4 e5 2. Nf3 Nc6 3. Bc4 Nf6 4. Ng5 d5 5. exd5 Na5 6. Bb5+ c6 7. dxc6 bxc6 8.
Bd3 h6 9. Ne4 Nd5 10. O-O Be7 11. Ng3 O-O 12. Bf5 Ba6 13. d3 Re8 14. Re1 Bf8
15. c4 Ne7 16. Be4 Nb7 17. b4 Nd6 18. Bf3 e4 19. Nxe4 Nxe4 20. Bxe4 f5 21. Bf3
Qd4 22. Qb3 Nd5 23. Rd1 Nxb4 24. Be3 Rxe3 25. fxe3 Qxe3+ 26. Kh1 Kh8 27. d4 Qf2
28. a3 Re8 29. Nd2 Re3 30. Qa4 Bd6 31. axb4 Qh4 32. Nf1 Bxc4 33. Qxc6 Qf4 34.
Qxc4 1-0

[Event "World Junior Chess Championship U18 g"]
[Site "Gaziantep"]
[Date "2008.08.04"]
[Round "3.8"]
[White "Gomes, Mary Ann"]
[Black "Paikidze, Nazi"]
[Result "1-0"]
[WhiteElo "2316"]
[BlackElo "2277"]
[PlyCount "85"]
[EventDate "2008.08.??"]
[EventType "swiss"]
[EventRounds "13"]
[EventCountry "TUR"]

1. Nf3 Nf6 2. g3 c6 3. Bg2 d5 4. O-O Bf5 5. b3 e6 6. Bb2 Be7 7. d3 h6 8. Nbd2
O-O 9. e3 Nbd7 10. Qe2 Bh7 11. e4 dxe4 12. dxe4 Qc7 13. e5 Nd5 14. Ne4 c5 15.
c4 Nb4 16. Rfd1 Rad8 17. Nd6 a6 18. Nxb7 Qxb7 19. Ng5 Qxg2+ 20. Kxg2 hxg5 21.
a3 Nc6 22. Rd2 Ndb8 23. Rad1 a5 24. Bc3 Nd4 25. Bxd4 cxd4 26. Rxd4 Rxd4 27.
Rxd4 Nc6 28. Rd7 Bxa3 29. Qe3 g4 30. h3 Bb2 31. hxg4 Nxe5 32. Ra7 Rd8 33. Rxa5
Nxg4 34. Qb6 Bf6 35. f3 Rd2+ 36. Kh3 Bd3 37. Kxg4 Be2 38. Qe3 Rd4+ 39. Kh3 Bf1+
40. Kh2 Rd1 41. Ra2 Bd4 42. Qg5 g6 43. Rd2 1-0

[Event "World Junior Chess Championship U18 g"]
[Site "Gaziantep"]
[Date "2008.08.04"]
[Round "3.9"]
[White "Ivakhinova, Inna"]
[Black "Severiukhina, Zoja"]
[Result "1/2-1/2"]
[WhiteElo "2248"]
[BlackElo "2300"]
[PlyCount "80"]
[EventDate "2008.08.??"]
[EventType "swiss"]
[EventRounds "13"]
[EventCountry "TUR"]

1. d4 Nf6 2. c4 g6 3. Nc3 Bg7 4. e4 d6 5. Be2 O-O 6. Nf3 e5 7. Be3 Ng4 8. Bg5
f6 9. Bh4 g5 10. Bg3 Nh6 11. O-O g4 12. Nh4 f5 13. Nxf5 Nxf5 14. exf5 exd4 15.
Nd5 Bxf5 16. Bxg4 c6 17. Bxf5 Rxf5 18. Qg4 Rf7 19. Nf4 Qd7 20. Ne6 Rf6 21. Rae1
Na6 22. Qxg7+ Qxg7 23. Nxg7 Kxg7 24. Re7+ Rf7 25. Rxf7+ Kxf7 26. Bxd6 Rd8 27.
Ba3 b5 28. cxb5 cxb5 29. b3 Re8 30. Bb2 d3 31. Bd4 Re2 32. Rd1 Nb4 33. Kf1 Rxa2
34. Bc5 Nd5 35. g3 d2 36. Be3 Nxe3+ 37. fxe3 a5 38. Ke2 Rb2 39. Ra1 Rxb3 40.
Rxa5 Rxe3+ 1/2-1/2

[Event "World Junior Chess Championship U18 g"]
[Site "Gaziantep"]
[Date "2008.08.04"]
[Round "3.10"]
[White "Daulyte, Deimante"]
[Black "Muminova, Nafisa"]
[Result "0-1"]
[WhiteElo "2288"]
[BlackElo "2242"]
[PlyCount "108"]
[EventDate "2008.08.??"]
[EventType "swiss"]
[EventRounds "13"]
[EventCountry "TUR"]

1. e4 e6 2. d4 d5 3. Nd2 Nf6 4. e5 Nfd7 5. Bd3 c5 6. c3 Nc6 7. Ne2 cxd4 8. cxd4
f6 9. exf6 Nxf6 10. Nf3 Bd6 11. O-O Qc7 12. Bg5 O-O 13. Rc1 h6 14. Bxf6 Rxf6
15. Bb1 Qf7 16. Qc2 Bd7 17. Qh7+ Kf8 18. Nh4 Ne7 19. f4 Bb5 20. Bd3 Bxd3 21.
Qxd3 Kg8 22. g3 Rf8 23. Nc3 Qh5 24. Nf3 Qg4 25. Kh1 Nf5 26. Ne5 Bxe5 27. dxe5
R6f7 28. Nb5 h5 29. Nxa7 h4 30. Qf3 Qh3 31. gxh4 Qxf3+ 32. Rxf3 Nxh4 33. Rf2
Rxf4 34. Rxf4 Rxf4 35. Kg1 Nf3+ 36. Kg2 Nxe5 37. Rc8+ Rf8 38. Rc7 d4 39. Nb5 d3
40. Nc3 d2 41. Nd1 b5 42. Re7 Nd3 43. Rd7 Ne1+ 44. Kg3 Nf3 45. Nc3 Ng5 46. h4
Nf3 47. Nxb5 e5 48. Rd3 e4 49. Rd5 e3 50. Nc3 Ng1 51. Rd7 Rc8 52. Ne2 Nxe2+ 53.
Kf3 Rc1 54. Kxe2 Re1+ 0-1

[Event "World Junior Chess Championship U18 g"]
[Site "Gaziantep"]
[Date "2008.08.04"]
[Round "3.11"]
[White "Foisor, Sabina-Francesca"]
[Black "Klimets, Elena"]
[Result "1-0"]
[WhiteElo "2337"]
[BlackElo "2150"]
[PlyCount "75"]
[EventDate "2008.08.??"]
[EventType "swiss"]
[EventRounds "13"]
[EventCountry "TUR"]

1. d4 d6 2. c4 e5 3. Nf3 e4 4. Ng5 f5 5. g3 Be7 6. Nh3 Nf6 7. Bg2 c6 8. O-O O-O
9. Bg5 Na6 10. Nc3 Nc7 11. f3 exf3 12. exf3 d5 13. c5 Ne6 14. Be3 Nd7 15. b4
Bf6 16. Qd2 Re8 17. f4 g6 18. Nf2 Bg7 19. Rab1 a6 20. Kh1 Nf6 21. Na4 Nd7 22.
Nh3 b5 23. cxb6 Nxb6 24. Nxb6 Qxb6 25. Rfd1 Bxd4 26. Bxd4 Nxd4 27. Qf2 Re2 28.
Qg1 Rxa2 29. Qxd4 Qxd4 30. Rxd4 Kf8 31. Ng5 Ra7 32. Rc1 h6 33. Nf3 Bd7 34. Ne5
Be8 35. h3 Re7 36. Rdd1 Re6 37. Ra1 Rb2 38. Rdb1 1-0

[Event "World Junior Chess Championship U18 g"]
[Site "Gaziantep"]
[Date "2008.08.04"]
[Round "3.12"]
[White "Hoolt, Sarah"]
[Black "Eric, Jovena"]
[Result "1-0"]
[WhiteElo "2298"]
[BlackElo "2111"]
[PlyCount "121"]
[EventDate "2008.08.??"]
[EventType "swiss"]
[EventRounds "13"]
[EventCountry "TUR"]

1. e4 c5 2. Nf3 d6 3. d4 cxd4 4. Nxd4 Nf6 5. Nc3 a6 6. g3 e5 7. Nde2 Nbd7 8.
Bg2 b5 9. h3 Bb7 10. g4 Nc5 11. Ng3 Ne6 12. O-O g6 13. Be3 h5 14. Nd5 Bxd5 15.
exd5 Nf4 16. Bxf4 exf4 17. Re1+ Be7 18. g5 Nd7 19. Qd4 O-O 20. Qxf4 Ne5 21. Ne4
f5 22. gxf6 Bxf6 23. Nxf6+ Rxf6 24. Qg3 Qf8 25. a4 Rc8 26. c3 Rc4 27. Re4 Kg7
28. axb5 Rf3 29. Bxf3 h4 30. Rxh4 Nxf3+ 31. Qxf3 Qxf3 32. Rxc4 axb5 33. Rd4
Qxh3 34. Ra7+ Kf6 35. Rb7 Qh6 36. Rxb5 Qc1+ 37. Kg2 Qg5+ 38. Kf1 Qc1+ 39. Ke2
Qc2+ 40. Kf3 Ke5 41. Rb8 Qf5+ 42. Ke3 Qh3+ 43. f3 Qh6+ 44. f4+ Kf5 45. Kd3 Qh3+
46. Kc2 Qg2+ 47. Kb3 Qe2 48. Rf8+ Kg4 49. f5+ Kg5 50. fxg6 Kxg6 51. Rff4 Qb5+
52. Kc2 Qe2+ 53. Rd2 Qe5 54. Rg2+ Kh5 55. Rf8 Qe4+ 56. Kb3 Qxd5+ 57. c4 Qd1+
58. Kb4 Qe1+ 59. Kb5 Qe5+ 60. Ka4 Kh4 61. Rh8+ 1-0

[Event "World Junior Chess Championship U18 g"]
[Site "Gaziantep"]
[Date "2008.08.04"]
[Round "3.13"]
[White "Toth, Sarolta"]
[Black "Soumya, Swaminathan"]
[Result "0-1"]
[WhiteElo "2151"]
[BlackElo "2293"]
[PlyCount "50"]
[EventDate "2008.08.??"]
[EventType "swiss"]
[EventRounds "13"]
[EventCountry "TUR"]

1. c4 g6 2. Nf3 Bg7 3. g3 c5 4. Nc3 Nc6 5. Bg2 Nh6 6. O-O Nf5 7. a3 O-O 8. Rb1
Rb8 9. b4 b6 10. bxc5 bxc5 11. Rxb8 Nxb8 12. Qc2 Qa5 13. Bb2 Nc6 14. e3 Ba6 15.
Ne4 Bxb2 16. Qxb2 Bxc4 17. Rc1 d5 18. Ne5 Nxe5 19. Qxe5 Qxa3 20. Ra1 Qb4 21.
Nc3 d4 22. Ne4 Rc8 23. Rc1 f6 24. Qf4 Be6 25. g4 g5 0-1

[Event "World Junior Chess Championship U18 g"]
[Site "Gaziantep"]
[Date "2008.08.04"]
[Round "3.14"]
[White "Tjolsen, Katrine"]
[Black "Mamedjarova, Turkan"]
[Result "0-1"]
[WhiteElo "2121"]
[BlackElo "2284"]
[PlyCount "86"]
[EventDate "2008.08.??"]
[EventType "swiss"]
[EventRounds "13"]
[EventCountry "TUR"]

1. Nf3 f5 2. c4 Nf6 3. Nc3 e6 4. d4 d5 5. Bf4 c6 6. e3 Be7 7. Bd3 O-O 8. Qc2 a6
9. cxd5 cxd5 10. O-O Nc6 11. a3 Ne4 12. Ne5 Nxe5 13. Bxe5 Bd6 14. f3 Bxe5 15.
dxe5 Ng5 16. Qa4 Nf7 17. Qd4 Qc7 18. f4 Bd7 19. Rfc1 Qd8 20. b4 Nh6 21. a4 Be8
22. Be2 Ng4 23. h3 Nh6 24. g3 g5 25. Rc2 Kh8 26. Kf2 Rg8 27. b5 Qe7 28. b6 Bc6
29. Bd3 Rg7 30. Ne2 Qf7 31. fxg5 Rxg5 32. Qf4 Rag8 33. Bxa6 Qh5 34. h4 Rg4 35.
Qf3 d4 36. Rxc6 dxe3+ 37. Kg2 bxc6 38. b7 f4 39. Rc1 Qxe5 40. Rxc6 Nf5 41. Kh2
Rxg3 42. Nxg3 fxg3+ 43. Kg1 Nd4 0-1

[Event "World Junior Chess Championship U18 g"]
[Site "Gaziantep"]
[Date "2008.08.04"]
[Round "3.15"]
[White "Tsatsalashvili, Keti"]
[Black "Ikonomopoulou, Maria"]
[Result "1-0"]
[WhiteElo "2271"]
[BlackElo "2074"]
[PlyCount "127"]
[EventDate "2008.08.??"]
[EventType "swiss"]
[EventRounds "13"]
[EventCountry "TUR"]

1. d4 d5 2. Nf3 Nf6 3. c4 dxc4 4. e3 e6 5. Bxc4 a6 6. Qe2 b5 7. Bd3 c5 8. O-O
Bb7 9. dxc5 Nc6 10. e4 Bxc5 11. Bg5 Be7 12. Rd1 Qb8 13. Nc3 Bd6 14. g3 h6 15.
Be3 Ng4 16. Bb6 O-O 17. Nd4 Nge5 18. Nxc6 Bxc6 19. Be3 Rd8 20. Rac1 b4 21. Nb1
Qb7 22. f3 Nxd3 23. Qxd3 Rd7 24. Qc2 Bb5 25. Qf2 a5 26. Nd2 Rc8 27. Nb3 Rxc1
28. Rxc1 a4 29. Nd4 Ba6 30. Kg2 Rc7 31. Rd1 Be5 32. b3 a3 33. Nc2 Bc3 34. Bc1
Qc8 35. Ne3 Be5 36. Bd2 Bc3 37. Nc2 Rd7 38. Ne3 Bd4 39. Rc1 Qb7 40. Qe1 Bd3 41.
Rd1 Qb5 42. Bxb4 Be2 43. Rd2 Bxf3+ 44. Kxf3 Qxb4 45. Qd1 Qc5 46. Kg2 Qe5 47.
Qf3 Qb5 48. Qd1 Qe5 49. Qc2 Rc7 50. Nc4 Qc5 51. Nxa3 Qg5 52. Nc4 e5 53. Qd3 h5
54. h4 Qe7 55. Rc2 Qb4 56. Qd2 Qb7 57. Nd6 Rxc2 58. Qxc2 Qb4 59. Qc8+ Kh7 60.
Qf5+ Kg8 61. Qxf7+ Kh8 62. Qxh5+ Kg8 63. Qf7+ Kh7 64. Nf5 1-0

[Event "World Junior Chess Championship U18 g"]
[Site "Gaziantep"]
[Date "2008.08.04"]
[Round "3.16"]
[White "Middelveld, Martine"]
[Black "Pourkashiyan, Atousa"]
[Result "0-1"]
[WhiteElo "2073"]
[BlackElo "2269"]
[PlyCount "118"]
[EventDate "2008.08.??"]
[EventType "swiss"]
[EventRounds "13"]
[EventCountry "TUR"]

1. d4 Nf6 2. c4 e6 3. Nf3 d5 4. e3 Be7 5. Nbd2 O-O 6. Bd3 c5 7. b3 Nc6 8. Bb2
b6 9. O-O Bb7 10. Rc1 Rc8 11. Qe2 dxc4 12. bxc4 Qc7 13. Rfd1 Rfd8 14. Nb3 cxd4
15. exd4 Nb4 16. Bb1 Qf4 17. d5 Bf8 18. Be5 Qh6 19. dxe6 fxe6 20. Nbd4 Nd7 21.
Bg3 Nc5 22. Rc3 Nc6 23. Nxc6 Bxc6 24. Ne5 Ba4 25. Bc2 Bxc2 26. Rxc2 Qf6 27.
Rcd2 Rxd2 28. Rxd2 Rd8 29. Rxd8 Qxd8 30. h3 Qf6 31. Qf3 Qxf3 32. Nxf3 Nd3 33.
Kf1 Bc5 34. Ng5 e5 35. Ke2 Nc1+ 36. Kd2 Nxa2 37. Bxe5 Bxf2 38. Ne4 Bg1 39. Bb8
a5 40. Bc7 Nb4 41. c5 bxc5 42. Bxa5 Nd5 43. g3 Kf7 44. Kd3 Nf6 45. Nd2 Ke6 46.
Kc4 Be3 47. Nf1 Bf2 48. Bc3 g6 49. Nd2 Be1 50. Nb1 Bxg3 51. Kxc5 Ne4+ 52. Kc4
Ng5 53. Nd2 Nxh3 54. Ne4 Be5 55. Bd2 Kf5 56. Kd3 Nf4+ 57. Ke3 Ng2+ 58. Kf2 Kxe4
59. Kxg2 Bf4 0-1

[Event "World Junior Chess Championship U18 g"]
[Site "Gaziantep"]
[Date "2008.08.04"]
[Round "3.17"]
[White "Kalashyan, Varduhi"]
[Black "Corke, Anya"]
[Result "1-0"]
[WhiteElo "2049"]
[BlackElo "2255"]
[PlyCount "89"]
[EventDate "2008.08.??"]
[EventType "swiss"]
[EventRounds "13"]
[EventCountry "TUR"]

1. e4 e6 2. d4 d5 3. Nd2 Nf6 4. e5 Nfd7 5. Bd3 c5 6. c3 Nc6 7. Ne2 cxd4 8. cxd4
f6 9. exf6 Nxf6 10. Nf3 Qc7 11. Bf4 Bb4+ 12. Bd2 Bd6 13. O-O O-O 14. Bg5 Nh5
15. Qc2 h6 16. Bh4 Rxf3 17. gxf3 Bxh2+ 18. Kh1 Nf4 19. Kxh2 Nxe2+ 20. Bg3 Nxg3
21. fxg3 Qb6 22. Rad1 Nxd4 23. Qc3 e5 24. Rde1 Qe6 25. g4 Qf6 26. Bb1 Be6 27.
Kg2 Rc8 28. Qe3 Nc6 29. Rc1 Rf8 30. Qd3 Qg5 31. Qg6 Qxg6 32. Bxg6 Rd8 33. Rfd1
Rd6 34. Kg3 Bf7 35. Bf5 g6 36. Bc8 Nd4 37. Re1 Rf6 38. Rc3 Nc6 39. Bxb7 Na5 40.
Bxd5 Bxd5 41. Rxe5 Bxa2 42. Rxa5 Bf7 43. Rxa7 h5 44. Rcc7 Bd5 45. Rc8+ 1-0

[Event "World Junior Chess Championship U18 g"]
[Site "Gaziantep"]
[Date "2008.08.04"]
[Round "3.18"]
[White "Borosova, Zuzana"]
[Black "Chierici, Marianna"]
[Result "1-0"]
[WhiteElo "2254"]
[BlackElo "2037"]
[PlyCount "93"]
[EventDate "2008.08.??"]
[EventType "swiss"]
[EventRounds "13"]
[EventCountry "TUR"]

1. e4 c5 2. Nf3 Nc6 3. d4 cxd4 4. Nxd4 e5 5. Nb5 d6 6. c4 f5 7. N1c3 a6 8. Na3
f4 9. g3 fxg3 10. hxg3 Nf6 11. Bg5 Be7 12. Bxf6 Bxf6 13. Nc2 Bg5 14. Qh5+ Kf8
15. Bh3 g6 16. Qf3+ Kg7 17. Bxc8 Rxc8 18. Qd3 Rf8 19. Nd5 Rf7 20. b3 Qf8 21.
O-O h5 22. f3 Nd8 23. Kg2 Ne6 24. Rh1 Rc6 25. Raf1 Qc8 26. Ncb4 Rc5 27. Nb6 Qf8
28. N4d5 Rc6 29. Na4 Nd4 30. Nac3 b5 31. Ne2 bxc4 32. bxc4 Ne6 33. Rb1 Qc8 34.
Rhf1 Bd8 35. Rbc1 g5 36. Ne3 Bb6 37. Nf5+ Kg6 38. Rfd1 Bc5 39. Rh1 Rb6 40. Rb1
Rc6 41. Rxh5 Qf8 42. Rh6+ Qxh6 43. Nxh6 Kxh6 44. Qd5 Nd8 45. Rb8 g4 46. f4 exf4
47. Nxf4 1-0

[Event "World Junior Chess Championship U18 g"]
[Site "Gaziantep"]
[Date "2008.08.04"]
[Round "3.19"]
[White "Nikolova, Adriana"]
[Black "Albano, Jeremias Bianca"]
[Result "1-0"]
[WhiteElo "2242"]
[BlackElo "1990"]
[PlyCount "81"]
[EventDate "2008.08.??"]
[EventType "swiss"]
[EventRounds "13"]
[EventCountry "TUR"]

1. e4 e6 2. d4 d5 3. Nd2 Nf6 4. e5 Nfd7 5. f4 c5 6. c3 Nc6 7. Ndf3 Qb6 8. a3 c4
9. Nd2 Be7 10. Qg4 O-O 11. Be2 Qc7 12. Ngf3 b5 13. h4 a5 14. Ng5 Nb6 15. Bd1 f5
16. Qh5 Bxg5 17. fxg5 Ne7 18. Bc2 Bd7 19. Qe2 b4 20. Nf3 bxc3 21. bxc3 Rab8 22.
a4 Bc6 23. g6 Nxg6 24. Ng5 Rfe8 25. Ba3 Nf4 26. Qf3 Nxg2+ 27. Qxg2 Qd7 28. Bd6
Rb7 29. O-O Bxa4 30. Bxa4 Nxa4 31. Ra3 Rb2 32. Qf3 h6 33. Nh3 Qb5 34. Rfa1 Rb1+
35. Rxb1 Qxb1+ 36. Qf1 Qb5 37. Qa1 Nb2 38. Qb1 a4 39. Ra2 Qb3 40. Qxb2 Qd1+ 41.
Kh2 1-0

[Event "World Junior Chess Championship U18 g"]
[Site "Gaziantep"]
[Date "2008.08.04"]
[Round "3.20"]
[White "Bayrak, Asli"]
[Black "Gasik, Anna"]
[Result "0-1"]
[WhiteElo "2013"]
[BlackElo "2211"]
[PlyCount "46"]
[EventDate "2008.08.??"]
[EventType "swiss"]
[EventRounds "13"]
[EventCountry "TUR"]

1. e4 c5 2. Nc3 Nc6 3. g3 g6 4. Bg2 Bg7 5. d3 d6 6. f4 Rb8 7. Nf3 b5 8. O-O e6
9. f5 b4 10. Ne2 exf5 11. exf5 Bxf5 12. Ng5 Ne5 13. d4 cxd4 14. Nxd4 Ne7 15.
Nxf5 Nxf5 16. Bd5 O-O 17. Ne4 Rc8 18. Kh1 Qc7 19. Bf4 Qxc2 20. Qxc2 Rxc2 21. g4
Nxg4 22. Nxd6 Nf2+ 23. Kg2 Ne4+ 0-1

[Event "World Junior Chess Championship U18 g"]
[Site "Gaziantep"]
[Date "2008.08.04"]
[Round "3.21"]
[White "Hegarty, Sarah"]
[Black "Preethi, Rajkumar"]
[Result "0-1"]
[WhiteElo "1966"]
[BlackElo "2183"]
[PlyCount "80"]
[EventDate "2008.08.??"]
[EventType "swiss"]
[EventRounds "13"]
[EventCountry "TUR"]

1. e4 c5 2. Nf3 Nc6 3. d4 cxd4 4. Nxd4 Nf6 5. Nc3 e5 6. Ndb5 d6 7. Bg5 a6 8.
Na3 b5 9. Bxf6 gxf6 10. Nd5 f5 11. Bd3 Be6 12. Qh5 Bg7 13. O-O f4 14. c3 O-O
15. Rfd1 Rb8 16. Nc2 Qd7 17. Qh4 f5 18. f3 Bxd5 19. exd5 Ne7 20. Qf2 Rf6 21.
Rd2 Kh8 22. Ne1 Qb7 23. Rad1 Rg8 24. Bc2 Rh6 25. Bb3 Bf6 26. Nd3 Qc8 27. Qe2
Qe8 28. Kh1 Rg3 29. Nf2 e4 30. fxe4 Re3 31. Qf1 Qh5 32. h3 f3 33. gxf3 Rxf3 34.
Rd3 Rg6 35. R1d2 fxe4 36. Bd1 exd3 37. Rxd3 Rxf2 38. Qxf2 Qg5 39. Bg4 h5 40.
Be6 Qc1+ 0-1